|
|
|
|
| LEADER |
00000nab#a22000007a#4500 |
| 001 |
arbauad024911 |
| 003 |
AR-BaUAD |
| 005 |
20250711112058.0 |
| 008 |
970218|||||||||###||||||b###|0###a|spa|| |
| 040 |
|
|
|a AR-BaUAD
|c AR-BaUAD
|b spa
|
| 100 |
|
|
|a Dorfles, Gillo
|
| 245 |
|
|
|a Cinque (o sei) sensi /
|c Gillo Dorfles;
|
| 300 |
0 |
|
|b fot.
|
| 500 |
|
|
|a Artículo teórico acerca de la influencia de los sentidos en la estética y psicología de los objetos.
|
| 653 |
|
|
|a ESTETICA
|
| 653 |
|
|
|a PSICOLOGIA
|
| 653 |
|
|
|a SENTIDOS
|
| 653 |
|
|
|a TEORIA
|
| 653 |
|
|
|a ERGONOMIA
|
| 653 |
|
|
|a DISEÑO INDUSTRIAL
|
| 773 |
0 |
|
|t OTTAGONO
|g no. 121 [dic.-feb. 1997], p. 34-35
|
| 942 |
|
|
|c ARTI
|
| 952 |
|
|
|0 0
|1 0
|4 0
|7 0
|9 69830
|a AR-BAuAD
|b AR-BAuAD
|d 2025-07-11
|l 0
|p AAQA024911
|r 2025-07-11 11:20:58
|w 2025-07-11
|y ARTI
|
| 990 |
|
|
|a DI199
|b TD
|
| 998 |
|
|
|a AAQ
|b BIBUN76
|
| 999 |
|
|
|c 49503
|d 49503
|